[Event "Hoogovens op"]
[Site "Wijk aan Zee"]
[Date "1993.01.??"]
[Round "1"]
[White "Schwartzman, Gabriel"]
[Black "Gurevich, Mikhail"]
[Result "1/2-1/2"]
[WhiteElo "2455"]
[BlackElo "2610"]
[Annotator "Ribli,Z"]
[PlyCount "71"]
[EventDate "1993.01.??"]
[EventType "swiss"]
[EventRounds "12"]
[EventCountry "NED"]
[SourceTitle "CBM 034"]
[Source "ChessBase"]
[SourceDate "1993.06.01"]
[SourceVersion "1"]
[SourceVersionDate "1993.06.01"]
[SourceQuality "1"]

1. c4 {Gurevich,M} e5 2. Nc3 Nf6 3. Nf3 Nc6 4. g3 d5 5. cxd5 Nxd5 6. Bg2 Nb6 7.
O-O Be7 8. a3 O-O 9. b4 Be6 10. Rb1 f6 11. d3 Qd7 12. Ne4 Nd5 13. Qc2 (13. Bb2
$5 Rad8 14. Qc2 Bh3 15. Nc5 Bxc5 16. Qxc5 Bxg2 17. Kxg2 Kh8 18. h3 Qe8 19. b5
$14 {Hjartarsson,J-Oll,L EUCup 1991 CBM/26}) 13... a6 $5 (13... b6 $2 14. Bb2
Rac8 15. Rbc1 Nd4 16. Bxd4 exd4 17. Qc6 Qxc6 18. Rxc6 Bd7 19. Nxd4 $16 {
Karpov,An-Hjartarsson,J Seattle cq 1989 CBM/11 47/41}) (13... b6 {Gurevich,M
Karpov,An-Hjartarson,J/}) 14. Nc5 Bxc5 15. Qxc5 Rfd8 16. Bb2 Nb6 17. Qc2 {
/\ Na4} Bd5 18. Rfd1 Qf7 19. Ba1 Rd7 20. Bh3 Be6 (20... Rd6 $5 $132 {Gurevich,M
}) 21. Bxe6 Qxe6 22. Nd2 Nd4 (22... Rad8 $2 23. Ne4 $16) 23. Bxd4 exd4 24. Ne4
Re7 25. Re1 Rae8 26. Nc5 Qd5 $1 27. Qb3 c6 28. Kf1 Kf7 29. Rbc1 Rd8 30. Qxd5+
Rxd5 31. a4 Nc8 32. Nb3 Nb6 33. a5 Nc8 34. Rc4 Red7 35. Nc5 Re7 36. Nb3 1/2-1/2

[Event "Reykjavik Hrokurinn"]
[Site "Reykjavik"]
[Date "2003.02.25"]
[Round "7"]
[White "Gretarsson, Helgi Ass"]
[Black "Bacrot, Etienne"]
[Result "0-1"]
[WhiteElo "2516"]
[BlackElo "2671"]
[Annotator "Ribli,Z"]
[PlyCount "80"]
[EventDate "2003.02.18"]
[EventType "tourn"]
[EventRounds "9"]
[EventCountry "ISL"]
[EventCategory "15"]
[SourceTitle "CBM 094"]
[Source "ChessBase"]
[SourceDate "2003.05.26"]
[SourceVersion "1"]
[SourceVersionDate "2003.05.26"]
[SourceQuality "1"]

1. c4 e5 2. Nc3 Nf6 3. Nf3 Nc6 4. g3 g6 {Das ist eine relativ seltene
Fortsetzung - gewoenlich Schwarz spielt 4...d5, oder 4...Bb4, oder 4...Nd4.} 5.
Bg2 (5. d4 exd4 6. Nxd4 Bg7 7. Nxc6 dxc6 8. Qxd8+ Kxd8 9. Bg5 (9. f3 Be6 10. e4
Nd7 11. Be3 Kc8 12. O-O-O $6 Re8 13. Be2 Nb6 $1 14. c5 Nd7 15. Kc2 Bf8 $1 16.
b4 a5 17. a3 f5 {0-1 Janssen,R-Bacrot,E/Wijk aan Zee 1997/CBM 57/[Ribli] (53)})
9... h6 10. Rd1+ Ke7 11. Be3 Be6 12. Bc5+ Ke8 13. e3 Rd8 14. Rxd8+ Kxd8 15. Bd4
Re8 16. Kd2 b6 17. b4 Ke7 18. Bd3 Bf8 19. a3 Nd7 {1/2-1/2 Karpov,A-Bacrot,E/
Cap d'Agde 2000/CBM 80 (84)}) 5... Bg7 6. O-O O-O 7. d4 (7. d3 d6 8. Rb1 a5 9.
a3 h6 {Das ist eine andere Hauptvariante der Englische Eroeffnung, welche an
die Geschlossene Variante der Sizilianische Eroeffnung (mit vertauschten
Farben) erinnert.}) 7... exd4 8. Nxd4 Re8 9. Nc2 {Mit diesem Zug vermeidet
Weiß den Springertausch und spaeter kann er mit Ne3 das d5-Feld besetzen.} (9.
e3 Nxd4 (9... Ne5 10. b3 d6 11. h3 $1 h5 $6 (11... Bd7 12. Bxb7 Bxh3) 12. Bb2
c6 13. Qc2 a5 14. Rad1 Qc7 15. Ba3 $16 {1-0 Stangl,M-Bacrot,E/Balatonbereny
1996/CBM 55/[Ribli] (23)}) 10. exd4 d6 11. Bf4 Rb8 12. c5 Nh5 13. Be3 dxc5 14.
dxc5 Qxd1 15. Rfxd1 $14 {Kortschnoj,V-Fontanie,R/Cannes mT/1996/EXP51/}) 9...
d6 10. e4 (10. b3 Bf5 11. Bb2 Ne4 12. Bxe4 Bxe4 13. Ne3 Nd4 14. Nxe4 Rxe4 15.
Qd3 Qe8 16. Rad1 c6 17. Rd2 Qe6 (17... Qe7 $142 18. Rfd1 Re8 $132) 18. Ng2 $14
{1/2-1/2 Gelfand,B-Bacrot,E/Albert 2002/CBM 92_01 (45)}) (10. Bd2 Ne5 11. b3 c6
12. Rc1 a5 13. h3 a4 {1/2-1/2 Spassky,B-Bacrot,E/Cannes 1998/CBM 65 (27)})
10... Ne5 (10... Nd7 11. Qd2 (11. Nd5 Nc5 12. f3 Ne5 13. Nce3 c6 14. Nf4 a5 15.
Qc2 b5 16. Rd1 b4 {0-1 Overeem,M-De Vreugt,D/Haarlem 2002/CBM 89 ext (42)})
11... a6 12. b3 Rb8 (12... b5 13. e5 Bb7 14. cxb5 axb5 15. exd6 cxd6 16. Bb2
$14) 13. Bb2 b5 14. Ne3 $13 {1-0 Kortschnoj,V-Bacrot,E/Linz 1997/CBM 59/
[Kortschnoj] (52)}) 11. b3 c6 12. Ba3 d5 $1 $146 {[%mdl 4] Das ist eine
wichtige - ich glaube, vorbereitete - Neuerung. Schwarz war nicht zufrieden
mit seinem frueherem Spiel (12..Nfd7). Der Textzug ist eigentlich ein
Bauernopfer.} (12... Nfd7 13. Qe2 $1 Nc5 14. Rad1 Qc7 15. Qd2 f5 16. f4 $5 Nf7
17. e5 $1 $16 {1-0 Malakhov,V-Bacrot,E/Halkidiki 2002/CBM 92/[Ribli] (37)}) 13.
f4 (13. exd5 cxd5 14. Nxd5 Bg4 15. f3 Nxd5 16. cxd5 (16. Qxd5 Bf5 17. Ne3 Nd3
18. Nxf5 gxf5 19. Rad1 Bd4+ 20. Kh1 Nf2+ $13) (16. fxg4 Nc3 17. Qxd8 (17. Qd6
Nd3 18. Rf3 Ne2+ 19. Kf1 Qxd6 20. Bxd6 Nec1 (20... Bxa1 $2 21. Rxd3 $16) 21.
Rb1 Rad8 $15) 17... Raxd8 18. Rae1 Rd2 19. Nb4 a5 20. Nd5 Ne2+ 21. Kh1 Nd3 $17)
16... Bf5 $44) 13... Bg4 14. Qd2 {[#]} Nf3+ $1 {Die zweite große Überraschung
fuer Weiß - Schwarz opfert eine Figur. (Ich glaube, das war noch Hausanalyse
von Großmeister Bacrot.)} 15. Bxf3 Bxf3 16. e5 (16. Rxf3 dxe4 $5 (16... Nxe4
17. Nxe4 dxe4 18. Qxd8 Raxd8 19. Rff1 Bxa1 20. Rxa1 Rd2 21. Ne3 f5 $13) 17.
Qxd8 (17. Rf2 Ng4 $19) 17... Raxd8 18. Rff1 (18. Re3 Ng4 19. Rae1 Nxe3 20. Rxe3
f5 $17) 18... Ng4 19. Bb2 (19. h3 Nh2 20. Kxh2 Rd2+ 21. Kh1 Rxc2 $17) (19. Bb4
c5 $17) 19... Rd2 $17) 16... Ne4 17. Qe3 (17. Nxe4 Bxe4 $15 {[%csl Ge4]}) 17...
Bg4 (17... Nxc3 18. Qxf3 (18. Qxc3 Be4 $15) 18... Ne4 19. Rad1 Qa5 $36) 18.
Nxe4 dxe4 19. Qxe4 f6 $44 {[%csl Gg4,Gg7][%cal Ge8e4] Schwarz hat das
Läuferpaar und aktives Figurenspiel - das ist mehr als ausreichende
Kompensation fuer den Bauern.} 20. Ne3 $2 (20. Bb2 Bf5 $44) 20... Be2 $1 21.
Rf2 fxe5 22. Rc1 (22. Rxe2 exf4 $19 {[%cal Rg7a1,Re8e4]}) (22. f5 Qd4 $1 $17)
22... Bd3 (22... exf4 23. Qxf4 $15) 23. Qf3 Qa5 (23... e4 24. Qd1 Bd4 $17) 24.
Bd6 (24. Bb2 exf4 25. Bxg7 (25. Qxf4 Bxb2 26. Rxb2 (26. Qf7+ Kh8 27. Rxb2 Qg5
$19) 26... Re4 27. Qf2 Qg5 28. Re1 Rae8 29. Ng2 Rxe1+ 30. Nxe1 Qc1 $19) 25...
Rxe3 $17) 24... e4 25. Qd1 Rad8 {[%cal Gd8d1]} 26. c5 Bd4 $17 {[%csl Ga5,Gd3,
Gd4][%cal Rd4g1][%mdl 2048] Das zentralisierte schwarze Läuferpaar paralysiert
die weiße Stellung.} 27. Qe1 Qxe1+ 28. Rxe1 b6 $1 {[%csl Rc5,Rd6] Nach diesem
Zug wird der Läufervorposten auf d6 schwach.} 29. Bc7 (29. b4 Bc3 $19 {[%cal
Rc3b4,Rc3e1]}) 29... Rc8 30. cxb6 axb6 31. Bd6 c5 32. f5 b5 {[%cal Gc5c4]
Schwarz beschaeftigt sich nicht mit dem Koenigsfluegel, er moechte c4,c3 usw.
spielen.} (32... Rc6 33. Bf4 gxf5 $17) 33. fxg6 (33. f6 Kf7 $17) 33... hxg6 34.
Bf4 c4 35. bxc4 bxc4 36. a4 c3 $19 {[%csl Gc3]} 37. Kg2 Rf8 38. Ra2 {[#]} Rxf4
$1 39. gxf4 Bxe3 40. Rxe3 c2 0-1

[Event "Olympiad-31"]
[Site "Moscow"]
[Date "1994.12.13"]
[Round "12.3"]
[White "Comas Fabrego, Luis"]
[Black "Hertneck, Gerald"]
[Result "0-1"]
[WhiteElo "2500"]
[BlackElo "2605"]
[Annotator "Ribli,Z"]
[PlyCount "70"]
[EventDate "1994.12.01"]
[EventType "team-swiss"]
[EventRounds "14"]
[EventCountry "RUS"]
[SourceTitle "CBM 045"]
[Source "ChessBase"]
[SourceDate "1995.04.01"]
[SourceVersion "1"]
[SourceVersionDate "1995.04.01"]
[SourceQuality "1"]
[WhiteTeam "Spain"]
[BlackTeam "Germany"]
[WhiteTeamCountry "ESP"]
[BlackTeamCountry "GER"]

1. c4 e5 2. Nc3 Nf6 3. g3 d5 4. cxd5 Nxd5 5. Bg2 Nb6 6. Nf3 Nc6 7. O-O Be7 8.
d3 (8. a3 $5) 8... O-O 9. Be3 Re8 10. Rc1 Bf8 11. a4 (11. Ne4 Nd4 (11... Bf5
12. Nc5 Bxc5 13. Bxc5 e4 14. dxe4 Bxe4 $10 15. Qxd8 Raxd8 $10 {Nikolic,
Z-Damljanovic,B/JUG-ch/1990/CBM17/}) 12. Nc5 Nxf3+ 13. Bxf3 c6 14. a3 Nd5 15.
Bd2 b6 16. Ne4 c5 $13 {Serper,G-Smirin,I/Moscow/1990/EXP19/}) 11... a5 12. Nb5
(12. Bxb6 cxb6 13. Nb5 Bc5 14. Nd2 Bg4 15. Nc4 Qd7 $10) 12... Nd5 13. Nd2 $5 (
13. Bc5 Be6 $10) 13... Ncb4 14. Nc4 c6 15. Nc3 Nxe3 16. fxe3 (16. Nxe3 Bc5 17.
Qd2 Be6 18. Ne4 Bd4 19. Nc5 Bxc5 20. Rxc5 Qd6 $13) 16... Be6 17. Ne4 (17. Nxe5
Qg5 $1 $15) 17... Nd5 {/\ b5 >< e3} 18. Qe1 g6 $1 (18... b5 19. Nxe5 Nxe3 20.
Nxc6 Qb6 21. Qf2 $13) 19. g4 (19. Qf2 Bh6 $17 {>< e3}) (19. Nxe5 f5 20. Nc3
Nxe3 $17) 19... Bxg4 20. h3 Bc8 21. Qg3 f5 22. Ng5 Nf6 23. Bf3 $2 (23. Nf3 e4
24. Nfe5 exd3 25. exd3 Bg7 $17) (23. Nxe5 Nh5 $19) 23... h6 24. Rf2 Qc7 25. Rg2
Qg7 26. Nf7 Qxf7 27. Nxe5 Rxe5 $1 28. Qxe5 Bd7 $19 29. Kh1 Bg7 30. Qc7 Be8 31.
Qb6 Kh7 32. e4 (32. Rcg1 Qe7 $19) 32... fxe4 33. dxe4 Qe7 34. e5 Qxe5 35. Rcg1
(35. Qxb7 Rb8 36. Qa7 Rxb2 $19) 35... Nh5 0-1

[Event "EU-ch 4th"]
[Site "Istanbul"]
[Date "2003.06.07"]
[Round "8"]
[White "Agrest, Evgenij"]
[Black "Georgiev, Kiril"]
[Result "0-1"]
[WhiteElo "2591"]
[BlackElo "2647"]
[Annotator "Ribli,Z"]
[PlyCount "136"]
[EventDate "2003.05.30"]
[EventType "swiss"]
[EventRounds "13"]
[EventCountry "TUR"]
[SourceTitle "CBM 096"]
[Source "ChessBase"]
[SourceDate "2003.09.25"]
[SourceVersion "1"]
[SourceVersionDate "2003.09.25"]
[SourceQuality "1"]

1. c4 Nf6 2. Nc3 e5 3. Nf3 Nc6 4. g3 d5 5. cxd5 Nxd5 6. Bg2 Nb6 7. O-O Be7 {
Wir haben eine Stellung, die an die Drachenvariante der Sizilianische
Verteidigung erinnert, natürlich mit umgekehrten Farben.} 8. Rb1 {Weiß möchte
schnell b2-b4 ziehen.} a5 9. b3 {Dieser Zug ist sehr populär - Weiß entwickelt
seinen Damenläufer auf die große Diagonale. Ich glaube, dass die Alternative
gar nicht schlechter ist.} (9. d3 $5 O-O 10. Be3 Be6 11. Bxb6 cxb6 12. Qa4 $14)
9... O-O 10. Bb2 Be6 11. d3 Qd7 {Der b6N steht weniger gut, aber Schwarz hat
eine feste Stellung. In dieser Variante spielt Weiß gewöhnlich am Damenflügel,
während Schwarz seine Chancen im Zentrum findet.} (11... f6 12. Rc1 Qd7 13. Re1
Rfd8 14. Nd2 Nd5 15. Na4 b6 16. a3 Bf8 17. Nf3 Rac8 18. Qc2 Nde7 19. Red1 Nd4 {
1/2-1/2 Sinanovic,M-Ljubicic,F/Pula 2001/CBM 84 ext (49)}) 12. Nd2 {[%cal
Gd2c4]} (12. Ne4 f6 13. Rc1 a4 14. d4 axb3 15. axb3 Ra2 16. Bc3 Rd8 17. dxe5
Qxd1 18. Rfxd1 Rxd1+ 19. Rxd1 Bxb3 20. Rc1 Nd5 {1/2-1/2 Kortschnoj,V-Lutz,C/
Berlin 2002/EXT 2003 (48)}) 12... f6 {Das ist ein Schlüsselzug in dieser
Variante - im Falle von 12...f5 hätte Schwarz Probleme mit seinem e5-Bauern.}
13. Re1 (13. Nc4 Nd5 14. Re1 (14. Rc1 Rfd8 (14... Nxc3 15. Bxc3 Bd5 16. Bxd5+
Qxd5 17. Qc2 f5 18. e4 Qe6 19. exf5 Rxf5 20. Rce1 Raf8 21. d4 Rf3 22. Nxe5 Nxe5
23. Rxe5 Qc6 24. Rxe7 {1-0 Bareev,E-Rublevsky,S/Frankfurt 2000/CBM 76 ext (59)}
) 15. Nxd5 Bxd5 16. Bxd5+ Qxd5 17. Ne3 Qe6 18. Qc2 Nd4 19. Bxd4 exd4 20. Qc4
Qxc4 21. Nxc4 a4 {1/2-1/2 Gulko,B-Bareev,E/New Delhi/Theran 2000/CBM 80 (54)})
14... Rfd8 15. Qc1 Kh8 16. Ne3 Nb6 17. Nc4 Nd5 18. Ne3 Ndb4 19. a3 Na6 20. Ba1
Nc5 21. Ncd5 Bf8 22. b4 axb4 23. axb4 Rxa1 24. Rxa1 Nb3 {1/2-1/2 Turov,
M-Yakovich,Y/Krasnodar 2002/CBM 91 (29)}) (13. Rc1 Nd5 14. Nxd5 Bxd5 15. Qc2
Bxg2 16. Kxg2 Qd5+ 17. Kg1 Rfc8 18. Qc4 Qxc4 19. bxc4 Nb4 20. a3 Na6 21. Ne4
Nc5 22. Nc3 c6 {1/2-1/2 Sorokin,M-Spangenberg,H/Buenos Aires 1998/CBM 65 (44)})
13... Rfd8 14. Qc1 $6 {Dieser Zug scheint mir sehr passiv zu sein.} (14. Nc4
$11) 14... a4 $1 $36 {[%mdl 4] So bekommt Schwarz eine starke Initiative am
Damenflügel.} 15. Nce4 {[%cal Ge4c5]} (15. bxa4 Nxa4 16. Nxa4 Rxa4 $15) 15...
a3 {Mit Tempo, und im folgenden muss Weiß immer mit der Schwächung des
a2-Bauern rechnen.} 16. Ba1 Nd5 $15 {[%cal Gd5b4,Gc6b4,Gb4a2]} 17. Nc4 (17. Nc5
Bxc5 18. Qxc5 b6 19. Qc1 Ncb4 $17 {[%csl Ra2][%cal Rb4a2]}) 17... Ncb4 18. Qd2
{Weiß muss den a2-Bauern verteidigen, denn 18.Nxa3? verliert wegen 18...Nxa2.}
b5 19. Ne3 Nxe3 20. fxe3 c5 {Schwarz bereitet 21...Nd5 vor und verhindert die
Möglichkeit b4.} (20... Nd5 21. b4 $15) 21. Bc3 Nd5 {Schwarz hat eine viel
bessere Bauernstruktur und großen Raumvorteil.} 22. Qc1 Rac8 {[%cal Gc5c4,
Gc8c1]} (22... f5 23. Nf2 Qd6 $17) 23. Ba5 Re8 24. Bd2 (24. Nc3 b4 $19 {
[%csl Ra5]}) 24... c4 $1 {[%csl Rc1][%cal Gc8c1] Nach diesem Durchbruch hat
die weiße Dame auf c1 eine sehr schlechte Position.} 25. bxc4 bxc4 26. dxc4 f5
27. Nf2 (27. Nc3 Rxc4 $19 {[%csl Rc3][%cal Re8c8,Rc8c1]}) 27... e4 $17 {
[%csl Rf2,Rg2] Schwarz hat Zeit den c4-Bauern zurückzugewinnen. Nach dem
Textzug sind die weißen Figuren am Königsflügel - f2N, g2B - eingeschlossen.}
28. g4 {Gut oder schlecht - Weiß möchte etwas Gegenspiel finden.} (28. Rb3 Qa4
$17) 28... Nf6 {[%csl Rc4]} (28... Qa4 29. gxf5 Bxf5 $17) 29. Bb4 Rxc4 30. Qxa3
Rxb4 $1 31. Rxb4 Nd5 {[%csl Rb4][%cal Re7a3]} 32. gxf5 Bxb4 {[%cal Rb4a3,Rb4e1]
} (32... Bxf5 33. Rd1 Bxb4 34. Qb3 Re5 35. Rxd5 Qxd5 36. Qxb4 $17) 33. fxe6
Qxe6 34. Qc1 Rc8 35. Qb1 Bxe1 36. Qxe1 {Nach forcierten Zuegen hat Schwarz
eine Qualität gewonnen.} Nxe3 37. Bxe4 Rf8 (37... Qxa2 $17) 38. Qc1 (38. Bf3
Qg6+ $19) 38... Qh6 39. Bf3 Qg6+ (39... Qb6 $17 {[%cal Gb6g1]}) 40. Ng4 (40.
Kh1 Rxf3 $19) 40... Nxg4 (40... Nf5 $17) 41. Qc4+ Kh8 42. Qxg4 Qb1+ (42...
Qxg4+ 43. Bxg4 $17) 43. Kg2 Qxa2 {Schwarz hat eine Qualität mehr und die
gegnerische Königsstellung ist schwach. Der schwarze Gewinn ist nur eine Frage
der Zeit.} 44. Qb4 Qf7 45. Qd6 Qf4 46. Qe7 (46. Qxf4 Rxf4 $17) 46... g6 47. Qe4
Kg7 48. Qxf4 Rxf4 49. Kg3 {[%mdl 4096] Mit einer Qualität mehr hat Schwarz
eine theoretische Gewinnstellung.} Rb4 50. h3 Kf6 51. Bc6 Kg5 $19 52. Bd5 Ra4
53. Bc6 Ra3+ 54. Bf3 Kf5 $22 55. Kf2 (55. h4 Rc3 $19) 55... Kf4 56. Bg4 (56.
Kg2) 56... Kg5 {[%cal Gg5h4]} 57. Kg2 Kh4 58. Bf3 Re3 59. Kf2 Re5 60. Bg4 (60.
Kg2 Rg5+ 61. Kh2 Rg3 62. Bg2 g5 63. e4 Re3 $22 $19) 60... Re7 61. Kf3 (61. Kg2
h5 62. Bf3 g5 $19) 61... h5 62. Bc8 Rf7+ 63. Kg2 (63. Ke3 Kg3) 63... Rc7 64.
Ba6 (64. Be6 Re7 65. Bc4 Re3 $19) 64... Rc5 {Schwarz beschränkt die Bewegung
des Läufers und droht 65...Rg5+.} 65. Bb7 Rg5+ 66. Kh2 Rg3 67. Bg2 g5 68. Kg1 (
68. e4 Re3 $22 $19) 68... Rxh3 0-1

[Event "Tilburg"]
[Site "Tilburg"]
[Date "1994.??.??"]
[Round "1"]
[White "Gurevich, Mikhail"]
[Black "Stefansson, Hannes"]
[Result "1/2-1/2"]
[WhiteElo "2620"]
[BlackElo "2560"]
[Annotator "Ribli,Z"]
[PlyCount "83"]
[EventDate "1994.09.??"]
[EventType "k.o."]
[EventRounds "7"]
[EventCountry "NED"]
[SourceTitle "CBM 044"]
[Source "ChessBase"]
[SourceDate "1995.02.01"]
[SourceVersion "1"]
[SourceVersionDate "1995.02.01"]
[SourceQuality "1"]

1. c4 Nf6 2. Nc3 e5 3. Nf3 Nc6 4. g3 d5 5. cxd5 Nxd5 6. Bg2 Nb6 7. O-O Be7 8.
Rb1 a5 9. d3 (9. b3 $1 O-O 10. Bb2 f5 11. d3 Bf6 12. Nd2 Be6 13. Nc4 $14 {
Timman,J-Short,N/Amsterdam VSB/1994/CBM42/INF60,34/}) 9... O-O 10. Be3 Be6 11.
a3 (11. Rc1 Re8 12. a3 h6 13. Nd2 Rb8 14. Nb3 Nd5 $13 {Hansen,LB-Romanishin,O/
Polanica Zdroj/1993/CBM37/}) 11... Nd5 12. Nxd5 (12. Bd2 Qd7 $13) 12... Bxd5
13. Qa4 Qd6 (13... Qd7 $2 14. Nxe5 Nxe5 15. Qxd7 Nxd7 16. Bxd5 $18) 14. Rbc1
Rfd8 15. Nd2 (15. Bc5 Qe6 16. Bxe7 Qxe7 $10) 15... Bxg2 16. Kxg2 Qd5+ 17. Nf3 (
17. Kg1 f5 18. Qc4 Bf6 $13) 17... Bd6 $6 (17... f5 $5 18. Rfd1 $13) 18. Qc4 Be7
19. Rc2 Qxc4 20. Rxc4 Rd5 21. Rfc1 f5 22. Nd2 Bf6 23. R1c2 Rb5 24. Bc5 (24. Rc5
Rxc5 25. Rxc5 Kf7 $10) 24... a4 25. e4 g6 26. Nb1 Rb3 27. R4c3 Rd8 $1 28. Nd2
Rxc3 29. Rxc3 Rd7 30. f3 (30. Kf1 $5) 30... Kf7 31. Kf1 Ke6 32. Ke2 Be7 33. Be3
Na5 $1 $10 34. Rc2 (34. Kd1 b6 $10) 34... c5 $1 35. Nb1 (35. Bxc5 $2 Rc7 $19)
35... fxe4 36. fxe4 b5 37. Nc3 Rb7 38. Nd5 Nb3 39. Nxe7 $6 (39. Kd1 $5) 39...
Rxe7 40. Kd1 (40. Bxc5 $2 Rc7 $19) 40... Rd7 41. Ke2 Rf7 42. Rc3 $15 1/2-1/2

[Event "Samba Cup 1st"]
[Site "Skanderborg"]
[Date "2003.10.14"]
[Round "5"]
[White "Hansen, Curt"]
[Black "Sadvakasov, Darmen"]
[Result "1-0"]
[WhiteElo "2616"]
[BlackElo "2595"]
[Annotator "Ribli,Z"]
[PlyCount "76"]
[EventDate "2003.10.10"]
[EventType "tourn"]
[EventRounds "9"]
[EventCountry "DEN"]
[EventCategory "16"]
[SourceTitle "CBM 098"]
[Source "ChessBase"]
[SourceDate "2004.02.03"]
[SourceVersion "1"]
[SourceVersionDate "2004.02.03"]
[SourceQuality "1"]

1. c4 e5 2. Nc3 Nf6 3. Nf3 Nc6 4. g3 d5 5. cxd5 Nxd5 6. Bg2 Nb6 7. O-O Be7 {
Diese Variante ist besonders populär in der letzten Zeit. In der asymmetrische
Stellung haben beide Spieler gleiche Chancen. Gewöhnlich hat Weiß Spiel am
Damenflügel, weil Schwarz seine Gegenchancen im Zentrum bekommt. Ich muss auch
bemerken, dass diese Stellung eigentlich die Drachenvariante aus der
Sizilianische Verteidigung ist, aber mit vertauschten Farben.} 8. d3 O-O 9. a3
Be6 {Das ist ein natürlicher Entwicklungszug, aber die Alternative 9...Re8 -
mit der Idee 10...Bf8 - kommt auch in Betracht.} 10. Be3 (10. b4 $5) 10... Nd5
{Dieser Springerzug wird selten gespielt, gewöhnlich spielt Schwarz die
Alternativen.} (10... f5) (10... f6) 11. Nxd5 (11. Bd2 a5 12. Rc1 Qd7 13. Ng5
Bxg5 14. Bxg5 f6 15. Be3 Rfd8 16. Nxd5 Bxd5 17. Bxd5+ Qxd5 18. Rc5 Qf7 19. Qc2
Rd5 20. Rc1 Rxc5 21. Qxc5 Qb3 {1/2-1/2 Pigusov,E-Brodsky,M/Dubai UAE 2003(38)})
11... Bxd5 12. Qa4 {Auf diese Weise verhindert Weiß die Möglichkeit 12...e4
und bereitet das Spiel am Damenflügel vor.} (12. Rc1 Re8 (12... Bd6 13. Nd2
Bxg2 14. Kxg2 Qd7 15. Ne4 Rfe8 16. f3 Rad8 17. Qb3 {1-0 Uhlmann,W-Pfrommer,C/
Baden-Baden 1993/TD (34)}) 13. Qa4 a6 14. Rfd1 Bf6 15. b4 Nd4 16. Bxd4 exd4 17.
Qc2 c6 {0-1 Tsivelekidis,G-Skembris,S/Athens 1999/EXT 2000 (44)}) (12. b4 a6
13. Rc1 f5 14. Bc5 Rf7 15. Bxe7 Qxe7 16. Rc5 Rd8 17. Rxd5 Rxd5 18. Ng5 Rd6 19.
Nxf7 Qxf7 {1/2-1/2 Ruckschloss,K-Velicka,P/Bratislava 1991/EXT 97 (41)}) 12...
Qd6 {Dieser genügsame Damezug ist nicht die beste Möglichkeit für Schwarz. Die
Alternative 12...f5 ist die prinzipielle Fortsetzung, was Schwarz
ausreichendes Gegenspiel bietet.} (12... f5 13. Rac1 f4 14. Bd2 Bxf3 15. Bxf3
Nd4 16. Bc3 (16. Qc4+ $5) 16... fxg3 17. hxg3 b5 18. Qa6 Nxf3+ 19. exf3 Qd5 20.
Rce1 Bd6 21. Re3 Rf5 22. Rfe1 Raf8 {0-1 Neverov,V-Ahmed,E/Tanta 1997/EXT 98 
(22)}) (12... Bd6 13. Rac1 Ne7 14. Bc5 c6 15. Rfd1 Bxc5 16. Rxc5 Qd6 17. Rdc1
b6 18. R5c3 a5 19. e4 Be6 20. d4 exd4 21. Qxd4 Qc7 22. b4 {1/2-1/2 Quinn,
M-Allahverdiev,A/Bratislava 1993/TD (63)}) 13. Rac1 {[%cal Ge3c5,Gc5e7]} Qe6 (
13... f5 $5) 14. Qb5 $14 {[%csl Gb5][%cal Gb5b7,Gb5d5] Der b7P hängt und droht
gleichzeitig 15.Ng5 mit Materialgewinn.} a6 (14... Rfd8 15. Qxb7 Rab8 16. Qxc7
(16. Ng5 Qd7 (16... Rxb7 $6 17. Nxe6 fxe6 18. Bxd5 exd5 19. Rxc6 Rxb2 20. Rxc7
Bxa3 21. Rxa7 $16) 17. Qa6 Nd4 $132 (17... Bxg5 18. Bxd5 $14)) 16... Rdc8 17.
Rxc6 Rxc7 18. Rxe6 Bxe6 19. b4 f6 20. Nd2 $14) 15. Qxb7 Rfb8 (15... Rab8 16.
Qxa6 $16) 16. Qxc7 (16. Ng5 Qd7 17. Qxc6 (17. Bxd5 Rxb7 18. Bxc6 Qc8 $15) 17...
Bxc6 18. Bxc6 Qd8 19. Bxa8 Rxa8 20. Nf3 $11) 16... Rxb2 (16... Rc8 17. Qb7 (17.
Rxc6 Rxc7 18. Rxe6 $14) 17... Rcb8 18. Ng5 $14) 17. Ng5 $1 {[%mdl 2048] Dieser
Zug führt für Weiß zu vorteilhaften Vereinfachungen.} Bxg5 18. Bxd5 (18. Rxc6
$2 Qxc6 19. Qxc6 Bxc6 20. Bxc6 Rc8 $17) 18... Qxd5 19. Bxg5 $16 {Der c6N hängt,
Schwarz hat Probleme mit seiner Grundlinie und Weiß hat einen Bauern mehr.} (
19. Qxc6 $6 Qxc6 20. Rxc6 Bxe3 21. fxe3 Rxe2 $11) 19... h6 $8 (19... Nd4 $4 20.
Qc8+ $18) 20. Rxc6 (20. Qxc6 Qxc6 21. Rxc6 hxg5 22. Re1 Ra2 23. Rc3 g4 $14)
20... hxg5 21. Rd6 Qa2 {[%cal Ra2e2,Ra2a3] Auf diese Weise gewinnt Schwarz den
Bauern zurück.} 22. e3 Qxa3 23. Rd7 {[%csl Re5,Rf7][%cal Rc7e5,Rc7f7]} Qb3 24.
Qxe5 a5 {Schwarz hat wieder einen Bauern weniger, aber er hat einen einfachen
Plan - er kann a4,a3 usw. spielen.} 25. Rc1 {[%csl Gc1,Gd7,Ge5][%cal Rc1c7,
Rc7h7]} a4 26. Ra7 $1 {[%mdl 64]} (26. Rcc7 $2 Qd1+ 27. Kg2 Rxf2+ 28. Kxf2 Qd2+
29. Kf3 Qd1+ 30. Kf2 $11 (30. Ke4 Qg4+ 31. Kd5 Ra5+ $17)) 26... Rb8 (26... Rxa7
27. Rc8+ Kh7 28. Qf5+ g6 29. Qh3+ Kg7 30. Qh8#) 27. Qf5 {[%csl Ga7,Gc1,Gf5,Rg8]
Weiß beschäftigt sich nicht mit dem a-Bauern, sein Zielpunkt ist der schwarze
König.} Rb1 (27... a3 28. Kg2 a2 29. Rc8+ Rxc8 30. Qxc8+ Kh7 31. Qf5+ Kh6 32.
Ra5 g6 (32... Qb7+ 33. e4 g6 34. Qxg5+ Kh7 35. Qf6 $18) 33. Qc8 Kh7 34. Ra8
Qb7+ 35. Qxb7 Rxb7 36. Rxa2 $18) 28. Rxb1 Qxb1+ 29. Kg2 Qb3 30. Qd7 a3 31. Qd6
$18 {[%cal Ra7a3,Rd6a3,Gd6b8]} a2 32. Rxa2 {Auf diese Weise gewinnt Weiß den
zweiten Bauern und die Partie. Die schwarze Stellung ist hoffnungslos.} Qb7+ (
32... Qxa2 33. Qxb8+ $18) 33. e4 Re8 34. Qd4 Qb5 35. h3 Qc6 36. Ra5 Qg6 37. Qd5
Qb6 38. Rb5 (38. Qxg5 $18) 38... Qf6 1-0